000
00241nmm a2200085Ia 4500
008
220120s9999||||xx |||||||||||||||||und||
100
_a
Embedded For You
245
0
_a
free source code and design library inside
260
_a
Embedded for you
_c
2015
999
_c
139969
_d
139969